Garden plants of the world

Bibliographic Details
Main Author: Ellison, Don , 1934-
Format: Book
Published: London : New Holland , 2002.
Subjects:

MARC

LEADER 00000cam a2200000 7i4500
001 0000003605
005 20070920.0
020 0 0 |a 1843303132 
090 0 0 |a 635.9   |b ELL 
100 1 0 |a Ellison, Don ,   |d 1934- 
245 0 0 |a Garden plants of the world   |c Don Ellison. 
260 0 0 |a London :   |b New Holland ,   |c 2002. 
300 |a x, 598 p. :   |b col. ill. ;   |c 28 cm. 
500 0 0 |a Includes index. 
500 0 0 |a Previous ed.: [S.l.] : Flora Publications, 1994 
650 0 0 |a Plants, Ornamental   |x Handbooks, manuals, etc. 
999 |a 0000007205   |b Monograph   |c Open Shelf   |e Default branch